000 00627nam a22002417a 4500
003 FEu
005 20140311162958.0
008 130301t xxu||||| |||| 00| 0 eng d
020 _a0131911651
050 _aTK 7888.4
_b.M36 2004
100 _aMano, Morris M.
245 _aLogic and computer design fundamentals /
_cM. Morris Mano, Charles R. Kime
250 _a3rd ed.
260 _aUpper Saddle River, NJ :
_bPearson Education,
_c2006.
300 _a656 p. :
_bill. ;
_c23 cm.
521 _aIT
562 _e1
942 _2lcc
_cBK
_kFOR
999 _c39116
_d39116